000 00538nam#a22002175a#4500
001 2396
008 140829s2012####ag#a###j######001#0#spa#d
245 1 0 _aHadas y dragones :
_bel arte es magia /
_cCiruelo.
250 _a1ยช ed.
260 _aBuenos Aires :
_bDoeytores,
_c2012.
300 _a128 p. :
_bil. col. ;
_c29 cm.
020 _a9789879085578
100 1 _aCiruelo.
080 _a82-343
084 _aC54
653 _aNarrativa infantil y juvenil
035 _aGE
005 20241107184743.0
003 AR-ClEAG
942 _cBK
999 _c2396
_d2396
980 _62
_aEvangelina Gallicchio
_82
_gEvangelina Gallicchio